| 000 | 00426nam a22001457a 4500 | ||
|---|---|---|---|
| 005 | 20260113124859.0 | ||
| 008 | 260113b |||||||| |||| 00| 0 eng d | ||
| 010 | _aQA299.6 M35 2017. | ||
| 020 | _a9788184875904 | ||
| 100 | _akalipada, Maity | ||
| 245 |
_aIntroduction to Differential Equations _c/Maity,kalipada |
||
| 260 |
_aDelhi,india. _bNAROSA PUBLISHING HOUSE PVT LTD. _cc2017 |
||
| 300 |
_axvii,624p. _c23.5cm |
||
| 942 | _2lcc | ||
| 999 |
_c109 _d109 |
||